Hướng dẫn sử dụng kênh hình trong sách giáo khoa lịch sử lớp 11 THPT

Hướng dẫn sử dụng các loại kênh hình như bản đồ, sơ đồ, hình vẽ, tranh ảnh trong sách giáo khoa lịch sử lớp 11phần lịch sử thế giới. Gợi ý về phương pháp sử dụng các kênh hình cho phù hợp với từng đối tượng học sinh...

Full beskrivning

Sparad:
Bibliografiska uppgifter
Övriga upphovsmän: Nguyễn Thị Côi (ch.b), Trịnh Đình Tùng
Materialtyp: Bok
Språk:Vietnamese
Publicerad: H. Đại học Sư phạm 2010
Upplaga:In lần thứ 2
Ämnen:
Taggar: Lägg till en tagg
Inga taggar, Lägg till första taggen!
Thư viện lưu trữ: Trung tâm Học liệu Lê Vũ Hùng, Trường Đại học Đồng Tháp
LEADER 01670pam a22003618a 4500
001 00026227
005 20171026081022.0
008 110814s2010 ||||||viesd
020 |c 48000 
041 0 # |a vie 
082 1 4 |a 907  |b H561D 
245 0 0 |a Hướng dẫn sử dụng kênh hình trong sách giáo khoa lịch sử lớp 11 THPT  |c Nguyễn Thị Côi (ch.b.)...[và nh. ng. khác] 
250 # # |a In lần thứ 2 
260 # # |a H.  |b Đại học Sư phạm  |c 2010 
300 # # |a 267 tr.  |b minh hoạ  |c 24 cm. 
504 # # |a Thư mục: tr. 266-267 
520 3 # |a Hướng dẫn sử dụng các loại kênh hình như bản đồ, sơ đồ, hình vẽ, tranh ảnh trong sách giáo khoa lịch sử lớp 11phần lịch sử thế giới. Gợi ý về phương pháp sử dụng các kênh hình cho phù hợp với từng đối tượng học sinh 
650 # 4 |a Lịch sử cận đại 
650 # 4 |a Lịch sử 
650 # 4 |a Lịch sử hiện đại 
650 # 4 |a Việt Nam 
650 # 4 |a Thế giới 
650 # 4 |a Sách giáo viên 
650 # 4 |a Phương pháp giảng dạy 
650 # 4 |a Lớp 11 
700 1 # |a Nguyễn Thị Côi  |e ch.b 
700 1 # |a Trịnh Đình Tùng 
852 # # |j KGT.0031967  |j KD.0010803  |j KGT.0031844  |j KGT.0031965  |j KGT.0031966 
852 # # |b Kho đọc  |j KD.0010803 
852 # # |b Kho mượn  |j KGT.0031844 
852 # # |b Kho giáo trình  |j KGT.0031844, KGT.0031965, KGT.0031966, KGT.0031967 
910 |d 14/08/2011 
980 # # |a Trung tâm Học liệu Lê Vũ Hùng, Trường Đại học Đồng Tháp